000
00313nam a2200133Ia 4500
008
190216s9999||||xx |||||||||||||| ||und||
100
_a
Kenney. Jf And Keeping . Es
245
0
_a
Mathematics Of Statistics
250
_a
7th Ed.
260
_b
Null
_c
1965
300
_a
429
650
_a
Mathematics
942
_c
BK
999
_c
30426
_d
30426